| 000 | 02101cam a2200385 i 4500 | ||
|---|---|---|---|
| 001 | 20549271 | ||
| 003 | BJBSDDR | ||
| 005 | 20250617113730.0 | ||
| 007 | ta | ||
| 008 | 180620s2018 cau b 000 0 eng | ||
| 010 | _a 2018020465 | ||
| 020 | _a9781684125531 (leatherbound) | ||
| 040 |
_aDLC _beng _cDLC _erda _dDLC |
||
| 041 | _aeng | ||
| 042 | _apcc | ||
| 043 | _ae-gr--- | ||
| 050 | 1 | 4 |
_aB 171 _bA541 2018 |
| 082 | 0 | 0 | _a180 |
| 245 | 0 | 0 |
_aAncient Greek philosophers / _cintroduction by Ken Mondschein, PhD. |
| 264 | 1 |
_aSan Diego : _bCanterbury Classics, _c2018. |
|
| 300 |
_axix, 967 pages ; _c24 cm |
||
| 336 |
_atext _btxt _2rdacontent |
||
| 337 |
_aunmediated _bn _2rdamedia |
||
| 338 |
_avolume _bnc _2rdacarrier |
||
| 504 | _aIncludes bibliographical references. | ||
| 505 | 0 | _aThe first Aclibiades (Plato) -- Apology (Plato) -- Crito (Plato) -- Symposium (Plato) -- Phaedrus (Plato) -- Phaedo (Plato) -- Poetics (Artistotle) -- Memorabilia (Xenophon) -- Hellenica (Xenophon) -- Enchiridion (Epictetus) -- Letter to Menoeceus (Epicurus) -- Principal doctrines (Epicurus). | |
| 520 | _a"Philosophy begins in wonder." 'Plato Have you ever wondered about the development of civilization' What topics were discussed in the days of Ancient Greece' This collection of thoughts from Plato, Aristotle, and other masters of philosophy will lead your mind on a journey of enlightened exploration into ethics, morality, law, medicine, and more. With an introduction by a distinguished scholar of classic literature, this Canterbury Classics volume is sure to be a favorite keepsake edition | ||
| 650 | 0 | _aPhilosophy, Ancient. | |
| 650 | 4 |
_aFilosofĂa antigua _95401 |
|
| 710 | 1 |
_aCanterbury Classics (Firm) _eeditor. _942470 |
|
| 776 | 0 | 8 |
_iOnline version: _tAncient Greek philosophers _dSan Diego : Canterbury Classics, 2018 _z9781684125616 _w(DLC) 2018033613 |
| 906 |
_a7 _bcbc _corignew _d1 _eecip _f20 _gy-gencatlg |
||
| 942 |
_2lcc _cBK |
||
| 999 |
_c123713 _d123713 |
||